000 00638nam a2200157 i 4500
001 164456
003 ES-MaACL
005 20230906212936.0
008 991122s1883 sp |||| | spa d
040 _aCCPB | B
_bspa
_cCCPB | B
100 1 _aSalinas y Angulo, Ignacio.
_9101954
245 1 0 _aExposición de las funciones del Estado Mayor
_b: en paz y en guerra /
_cpor Ignacio Salinas y Angulo.
260 _aMadrid :
_b[s.n.],
_c1883 (
_fimprenta y litografía del Depósito de la Guerra)
300 _a2 v. (XX, 376 p., [4] h. pleg.; XXVIII, 535 p., [1] h. pleg.) ;
_c23 cm.
852 _aES-MaACL
_jG-6635-36
_z-- Enc. pasta española
999 _c164456
_d164456